Loreto College Library, Kolkata
WEBOPAC (ONLINE PUBLIC ACCESS CATALOGUE)

Community radio in India (Record no. 43929)

MARC details
000 -LEADER
fixed length control field 00542nam a22002057a 4500
005 - DATE AND TIME OF LATEST TRANSACTION
control field 20250303103701.0
008 - FIXED-LENGTH DATA ELEMENTS--GENERAL INFORMATION
fixed length control field 250303b |||||||| |||| 00| 0 eng d
020 ## - ISBN | অাই এস বি এন
ISBN | অাই এস বি এন 978-93-5002-611-3
PRICE Rs.250.00
040 ## - CATALOGING SOURCE
Original cataloging agency Loreto College
041 ## - LANGUAGE CODE
Language code English
082 ## - DDC | ডিউই
Classification number | বর্গসংখ্যা 302.23
Book Number | গ্রন্থাঙ্ক SRE
100 ## - MAIN ENTRY--PERSONAL NAME | মুখ্য সংলেখ - ব্যাক্তিনাম
Personal name | ব্যাক্তিনাম Sreedher, R.
245 ## - TITLE STATEMENT | অাখ্যা বিবরণী
Title | অাখ্যা Community radio in India
Sub title | উপঅাখ্যা R. Sreedher and Pooja O. Murada
260 ## - IMPRINT | প্রকাশনা ক্ষেত্র
Place of publication | প্রকাশ স্থান Delhi
Name of publisher | প্রকাশকের নাম Aakar
Date of publication | প্রকাশ কাল 2019
300 ## - PHYSICAL DESCRIPTION |
Page / Vol. No | পৃষ্ঠা / খন্ড সংখ্যা 208p.
Other physical details | অনান্য বাহ্যিক বিবরণ 22cm.
650 ## - SUBJECT ADDED ENTRY--TOPICAL TERM | বিষয় শিরোনাম - মূল বিষয়
Topical term | মূল বিষয় Media studies
700 ## - ADDED ENTRY--PERSONAL NAME | অতিরিক্ত সংলেখ - ব্
Relator code | দায়িত্ব নির্দেশক Auth
Personal name | ব্যাক্তিনাম Murada, Pooja O.
850 ## - HOLDING INSTITUTION
Holding institution LCLIB
942 ## - ADDED ENTRY ELEMENTS (KOHA)
Koha item type Books
Holdings
Withdrawn status Lost status Source of classification Damaged status Not for loan Home library Current library Date acquired Price Total Checkouts Full call number Accession No. Date last seen Price effective from Koha item type Coded location qualifier
    Dewey Decimal Classification     Loreto College Loreto College 03/03/2025 250.00   302.23 SRE 48086 03/03/2025 03/03/2025 Books